A new look on modern Indian history : (Record no. 6270)

MARC details
000 -LEADER
fixed length control field 00517cam a2200193ua 4500
008 - FIXED-LENGTH DATA ELEMENTS--GENERAL INFORMATION
fixed length control field 141127n ii |||gr||||Z||||||eng
040 ## - CATALOGING SOURCE
Transcribing agency MAIN
041 ## - LANGUAGE CODE
-- eng
082 ## - DEWEY DECIMAL CLASSIFICATION NUMBER
Classification number 909.08
100 ## - MAIN ENTRY--PERSONAL NAME
Personal name Grover, B.L.,
Relator term
245 1# - TITLE STATEMENT
Title A new look on modern Indian history :
Remainder of title From 1707 to present day /
Statement of responsibility, etc. By B.L. Grover .
250 ## - EDITION STATEMENT
Edition statement 8th rev.
260 ## - PUBLICATION, DISTRIBUTION, ETC.
Place of publication, distribution, etc. New Delhi:
Name of publisher, distributor, etc. S. Chand,
Date of publication, distribution, etc. 1986.
300 ## - PHYSICAL DESCRIPTION
Extent xix,652p.
700 ## - ADDED ENTRY--PERSONAL NAME
Personal name Grover, S.,
Relator term
942 ## - ADDED ENTRY ELEMENTS (KOHA)
Koha item type Books
653 ## - INDEX TERM--UNCONTROLLED
Uncontrolled term Modern Indian History
Holdings
Withdrawn status Lost status Damaged status Not for loan Home library Current library Shelving location Date acquired Total Checkouts Full call number Barcode Date last seen Date last checked out Copy number Price effective from Koha item type
        Central Library, Naharkatiya College Central Library, Naharkatiya College General Stacks 19/09/2020 1 909.0854 | GRO 3664 11/02/2022 16/11/2021 1 19/09/2020 Books

Naharkatiya College © 2020. All rights reserved.

Powered By